[Event "Berlin Lichtenberger op 16th"]
[Site "Berlin"]
[Date "2017.08.27"]
[Round "9"]
[White "Kretzschmar, Gerald"]
[Black "Wolfram, Mike"]
[Result "0-1"]
[WhiteElo "1360"]
[BlackElo "1550"]
[PlyCount "92"]
[EventDate "2017.08.19"]
[EventType "swiss"]
[EventRounds "9"]
[EventCountry "GER"]
[SourceTitle "CBM 180 Extra"]
[Source "ChessBase"]
[SourceDate "2017.10.06"]
[SourceVersion "1"]
[SourceVersionDate "2017.10.06"]
[SourceQuality "1"]

1. Nf3 d5 2. c4 e6 3. d4 Nf6 4. c5 c6 5. Nc3 Be7 6. e3 0-0 7. Bd3 a5 8. Na4 Nbd7 9. 0-0 b6 10. cxb6 Nxb6 11. Ne5 Bb7 12. Qb3 Nxa4 13. Qxa4 Qc7 14. Bd2 Bd6 15. f4 Nd7 16. Rfc1 Nxe5 17. fxe5 Be7 18. Qc2 g6 19. Bb5 Rac8 20. Bd3 f5 21. Qa4 Bg5 22. Rf1 c5 23. Rf3 Qb6 24. Qb5 Qxb5 25. Bxb5 cxd4 26. Bd7 Rc2 27. Bxe6+ Kg7 28. Rd1 Ba6 29. Rg3 Bh6 30. Bxd5 Be2 31. Rc1 Rxd2 32. Rc7+ Kh8 33. Rh3 Bxe3+ 34. Rxe3 dxe3 35. h3 Rxd5 36. e6 Re8 37. e7 Re5 38. Rd7 R5xe7 39. Rxe7 Rxe7 40. Kh2 f4 41. a3 Bd3 42. b4 Be4 43. bxa5 e2 44. a6 e1Q 45. a4 Qg3+ 46. Kg1 Qxg2# 0-1

[Event "Berlin Lichtenberger op 16th"]
[Site "Berlin"]
[Date "2017.08.23"]
[Round "5"]
[White "Junge, Wolfgang"]
[Black "Wolfram, Mike"]
[Result "1-0"]
[WhiteElo "1853"]
[BlackElo "1550"]
[PlyCount "77"]
[EventDate "2017.08.19"]
[EventType "swiss"]
[EventRounds "9"]
[EventCountry "GER"]
[SourceTitle "CBM 180 Extra"]
[Source "ChessBase"]
[SourceDate "2017.10.06"]
[SourceVersion "1"]
[SourceVersionDate "2017.10.06"]
[SourceQuality "1"]

1. d4 d5 2. c4 c6 3. Nf3 Nf6 4. Nc3 e6 5. e3 Bb4 6. a3 Bxc3+ 7. bxc3 Qa5 8. Qc2 0-0 9. Bd3 Nbd7 10. 0-0 Nb6 11. cxd5 cxd5 12. Ne5 h6 13. Bd2 Nbd7 14. f4 Qc7 15. Rfc1 Nb6 16. a4 Nc4 17. Bxc4 dxc4 18. Qa2 Bd7 19. Qxc4 Qxc4 20. Nxc4 b5 21. Ne5 bxa4 22. Nxd7 Nxd7 23. Rxa4 Nb6 24. Ra2 Nc4 25. Kf2 Rfb8 26. Ke2 a5 27. Kd3 Nd6 28. Rca1 Rb5 29. c4 Rb3+ 30. Bc3 f5 31. Ra3 Rab8 32. Rxb3 Rxb3 33. Kc2 Rb7 34. c5 Ne4 35. Rxa5 Nf6 36. Ra6 Kf7 37. Rb6 Rxb6 38. cxb6 Nd7 39. b7 1-0

[Event "Berlin Lichtenberger op 16th"]
[Site "Berlin"]
[Date "2017.08.20"]
[Round "2"]
[White "Kautz, Stefan"]
[Black "Wolfram, Mike"]
[Result "1/2-1/2"]
[WhiteElo "1909"]
[BlackElo "1550"]
[PlyCount "104"]
[EventDate "2017.08.19"]
[EventType "swiss"]
[EventRounds "9"]
[EventCountry "GER"]
[SourceTitle "CBM 180 Extra"]
[Source "ChessBase"]
[SourceDate "2017.10.06"]
[SourceVersion "1"]
[SourceVersionDate "2017.10.06"]
[SourceQuality "1"]

1. e4 c5 2. Nc3 e6 3. g3 Nc6 4. Bg2 d6 5. Nge2 Nf6 6. 0-0 Be7 7. d3 0-0 8. h3 d5 9. exd5 exd5 10. Nf4 d4 11. Ncd5 Nxd5 12. Nxd5 Be6 13. Nxe7+ Qxe7 14. Re1 Qd7 15. Kh2 Rfe8 16. Bf4 Bd5 17. Qh5 Bxg2 18. Kxg2 b6 19. a3 Rxe1 20. Rxe1 Re8 21. Rxe8+ Qxe8 22. Qd5 Qe6 23. Qd6 Qxd6 24. Bxd6 f6 25. b4 cxb4 26. axb4 b5 27. Bc5 Kf7 28. Kf3 Ke6 29. Ke4 f5+ 30. Kf4 Kf6 31. Kf3 Ke5 32. Ke2 Kd5 33. Bf8 g6 34. f4 a5 35. bxa5 Nxa5 36. Kd2 Nc6 37. Kc1 Nd8 38. Kb2 Ne6 39. Be7 Kc6 40. Kb3 Nc7 41. Bf6 Kd5 42. Kb4 h5 43. Be5 Na6+ 44. Kxb5 Nc5 45. Kb4 Na6+ 46. Kb3 Nc5+ 47. Kb2 Na4+ 48. Kc1 Nc3 49. Kd2 Nb1+ 50. Ke1 Nc3 51. Bc7 Kc5 52. Ba5 Nd5 1/2-1/2

[Event "Berlin Lichtenberger op 15th"]
[Site "Berlin"]
[Date "2016.08.17"]
[Round "5"]
[White "Wolfram, Mike"]
[Black "Kreuchauf, Olaf"]
[Result "1-0"]
[WhiteElo "1556"]
[BlackElo "1777"]
[PlyCount "45"]
[EventDate "2016.08.13"]
[EventType "swiss"]
[EventRounds "9"]
[EventCountry "GER"]
[SourceTitle "CBM 173 Extra"]
[Source "ChessBase"]
[SourceDate "2016.08.29"]
[SourceVersion "1"]
[SourceVersionDate "2016.08.29"]
[SourceQuality "1"]

1. d4 Nf6 2. c4 c5 3. e3 g6 4. Nc3 cxd4 5. exd4 d5 6. Nf3 Bg7 7. cxd5 Nbd7 8. Bb5 0-0 9. 0-0 Nb6 10. Re1 a6 11. Ba4 Nfxd5 12. Bb3 e6 13. Bg5 Nf6 14. Qd2 Nbd7 15. Ne4 b5 16. Qf4 Nh5 17. Qh4 Qc7 18. Rac1 Qb8 19. g4 Nf4 20. Re3 Bb7 21. Be7 Re8 22. Bd6 g5 23. Nfxg5 1-0

[Event "Berlin Lichtenberger op 15th"]
[Site "Berlin"]
[Date "2016.08.15"]
[Round "3"]
[White "Wolfram, Mike"]
[Black "Mueller, Joerg Rene"]
[Result "1-0"]
[WhiteElo "1556"]
[BlackElo "1557"]
[PlyCount "57"]
[EventDate "2016.08.13"]
[EventType "swiss"]
[EventRounds "9"]
[EventCountry "GER"]
[SourceTitle "CBM 173 Extra"]
[Source "ChessBase"]
[SourceDate "2016.08.29"]
[SourceVersion "1"]
[SourceVersionDate "2016.08.29"]
[SourceQuality "1"]

1. d4 Nf6 2. c4 e6 3. Nc3 g6 4. e4 b6 5. e5 Ng8 6. Nf3 Bb7 7. d5 Qc8 8. Be3 Ne7 9. Bg5 d6 10. Bf6 Rg8 11. Nb5 Qd7 12. dxe6 fxe6 13. exd6 c6 14. Nc7+ Kf7 15. Ne5+ Kxf6 16. Nxd7+ Nxd7 17. Nxa8 Bxa8 18. dxe7 Kxe7 19. Qd2 Bg7 20. 0-0-0 Rd8 21. Qd6+ Ke8 22. Qxe6+ Kf8 23. Rxd7 Rxd7 24. Qxd7 c5 25. Bd3 Bxg2 26. Re1 Bh6+ 27. Kc2 Kg8 28. Re8+ Bf8 29. Qe7 1-0

[Event "Berlin Lichtenberger op 10th"]
[Site "Berlin"]
[Date "2011.08.16"]
[Round "4"]
[White "Schroeder, Gert"]
[Black "Wolfram, Mike"]
[Result "1/2-1/2"]
[WhiteElo "1386"]
[BlackElo "1640"]
[PlyCount "87"]
[EventDate "2011.08.13"]
[EventType "swiss"]
[EventRounds "9"]
[EventCountry "GER"]
[SourceTitle "CBM 143 Extra"]
[Source "ChessBase"]
[SourceDate "2011.08.29"]
[SourceVersion "1"]
[SourceVersionDate "2011.08.29"]
[SourceQuality "1"]

1. d4 Nf6 2. c4 e6 3. Nc3 Bb4 4. e3 c5 5. a3 Bxc3+ 6. bxc3 cxd4 7. cxd4 d5 8. Nf3 dxc4 9. Bxc4 0-0 10. 0-0 b6 11. Bb2 Ba6 12. Bd3 Bxd3 13. Qxd3 Nc6 14. Rac1 Qd5 15. Qc4 Qxc4 16. Rxc4 Na5 17. Rc7 Nd5 18. Rc2 f6 19. g3 Rac8 20. Rxc8 Rxc8 21. Rc1 Rxc1+ 22. Bxc1 Nc4 23. Nd2 b5 24. Nxc4 bxc4 25. Kf1 Nc3 26. Ke1 Ne4 27. Ke2 f5 28. f3 Nf6 29. Bb2 Nd5 30. Kd2 Nb6 31. Bc3 Kf7 32. Kc2 Ke7 33. Bb4+ Kd7 34. Bd2 Kc6 35. e4 fxe4 36. fxe4 g6 37. Kc3 Kb5 38. Bc1 Na4+ 39. Kc2 Kc6 40. Bf4 Kb5 41. Bd6 a6 42. Be7 Nb6 43. Bd6 Nd7 44. Be7 1/2-1/2

[Event "Berlin Lichtenberger op 10th"]
[Site "Berlin"]
[Date "2011.08.14"]
[Round "2"]
[White "Ziems, Michael"]
[Black "Wolfram, Mike"]
[Result "1-0"]
[WhiteElo "1795"]
[BlackElo "1640"]
[PlyCount "39"]
[EventDate "2011.08.13"]
[EventType "swiss"]
[EventRounds "9"]
[EventCountry "GER"]
[SourceTitle "CBM 143 Extra"]
[Source "ChessBase"]
[SourceDate "2011.08.29"]
[SourceVersion "1"]
[SourceVersionDate "2011.08.29"]
[SourceQuality "1"]

1. d4 Nf6 2. c4 e6 3. Nc3 d5 4. e3 c5 5. dxc5 Bxc5 6. Nf3 Nc6 7. cxd5 exd5 8. Bb5 0-0 9. 0-0 Bg4 10. Be2 Bd6 11. b3 Rc8 12. Bb2 a6 13. Rc1 Bc7 14. Nb1 Qd6 15. Ba3 Nb4 16. Nbd2 Ne4 17. Rxc7 Rxc7 18. Nxe4 Qe7 19. Ng3 Rfc8 20. Qd4 1-0

[Event "Berlin Eckbauer op 11th"]
[Site "Berlin"]
[Date "2008.09.22"]
[Round "3.28"]
[White "Wolfram, Mike"]
[Black "Radloff, Rainer"]
[Result "1/2-1/2"]
[WhiteElo "1415"]
[BlackElo "1562"]
[PlyCount "55"]
[EventDate "2008.09.08"]
[EventType "swiss"]
[EventRounds "6"]
[EventCountry "GER"]
[SourceTitle "EXT 2022"]
[Source "ChessBase"]
[SourceDate "2021.10.06"]
[SourceVersion "1"]
[SourceVersionDate "2021.10.06"]
[SourceQuality "1"]

1. Nf3 d5 2. b3 Nf6 3. Bb2 e6 4. g3 b6 5. Bg2 Bb7 6. 0-0 c5 7. e3 Be7 8. c4 dxc4 9. bxc4 Nbd7 10. d4 cxd4 11. Nxd4 Bxg2 12. Kxg2 Rc8 13. Qa4 Qc7 14. Nd2 0-0 15. Ba3 Bxa3 16. Qxa3 Nc5 17. Kg1 a6 18. N4b3 a5 19. Nxc5 Qxc5 20. Qb3 Rfd8 21. Rad1 Rd6 22. Nf3 Rcd8 23. Rxd6 Rxd6 24. Rd1 Kf8 25. Rxd6 Qxd6 26. Kg2 Ke7 27. Qb5 Nd7 28. Qg5+ 1/2-1/2

[Event "Berlin Eckbauer op 11th"]
[Site "Berlin"]
[Date "2008.09.15"]
[Round "2.28"]
[White "Wolfram, Mike"]
[Black "Hennings, Dirk"]
[Result "0-1"]
[WhiteElo "1415"]
[BlackElo "1568"]
[PlyCount "72"]
[EventDate "2008.09.08"]
[EventType "swiss"]
[EventRounds "6"]
[EventCountry "GER"]
[SourceTitle "EXT 2022"]
[Source "ChessBase"]
[SourceDate "2021.10.06"]
[SourceVersion "1"]
[SourceVersionDate "2021.10.06"]
[SourceQuality "1"]

1. e4 c5 2. Nf3 Nc6 3. Bc4 e6 4. 0-0 Nf6 5. Nc3 Be7 6. h3 d5 7. exd5 exd5 8. Bb5 d4 9. Ne2 0-0 10. Ng3 Bd6 11. d3 Qc7 12. Ne4 Nxe4 13. dxe4 Ne5 14. Nxe5 Bxe5 15. f4 Bd6 16. e5 Be7 17. Bd3 f5 18. Bc4+ Kh8 19. Qh5 g6 20. Qh6 b5 21. Bd5 Bb7 22. c4 bxc4 23. Bxc4 Qc6 24. Rf2 d3 25. b3 Qe4 26. Bd2 Rad8 27. Re1 Qd4 28. a4 a6 29. Rc1 Qe4 30. Bc3 d2 31. Bxd2 Rxd2 32. Rxd2 Qe3+ 33. Rf2 Qxc1+ 34. Kh2 Qe3 35. Re2 Qd4 36. h4 Bd5 0-1

[Event "Berlin Lichtenberger op 7th"]
[Site "Berlin"]
[Date "2008.08.18"]
[Round "3"]
[White "Lichey, Dustin"]
[Black "Wolfram, Mike"]
[Result "1-0"]
[WhiteElo "1861"]
[BlackElo "1434"]
[PlyCount "63"]
[EventDate "2008.08.16"]
[EventType "swiss"]
[EventRounds "9"]
[EventCountry "GER"]
[SourceTitle "CBM 126 Extra"]
[Source "ChessBase"]
[SourceDate "2008.11.05"]
[SourceVersion "1"]
[SourceVersionDate "2008.11.05"]
[SourceQuality "1"]

1. d4 d5 2. e3 Nf6 3. c4 e6 4. Nc3 Be7 5. Bd3 0-0 6. Nge2 b6 7. 0-0 Bb7 8. f4 c5 9. b3 dxc4 10. bxc4 cxd4 11. Nxd4 Bc5 12. Nb3 Nbd7 13. Kh1 h5 14. Be2 g6 15. Bf3 Bxf3 16. Qxf3 Ng4 17. h3 Qh4 18. Bd2 Ndf6 19. Be1 Qxe1 20. Raxe1 Bb4 21. e4 Nh6 22. e5 Nd7 23. Rd1 Nc5 24. Nxc5 Bxc5 25. Ne4 Rac8 26. g4 hxg4 27. hxg4 Kg7 28. Kg2 Rh8 29. Rd7 a6 30. Ng5 Rhe8 31. Qb7 Rf8 32. Nxe6+ 1-0